| 000 | 00739nam a2200217 i 4500 | ||
|---|---|---|---|
| 001 | 141870 | ||
| 003 | ES-MaACL | ||
| 005 | 20231207063031.0 | ||
| 007 | t| | ||
| 008 | 070928s1960 sp ||||1| spa d | ||
| 080 | _a711(8.03)"15/16"(04) | ||
| 100 | 1 |
_aViñas y Mey, Carmelo _9115384 |
|
| 245 | 1 | 0 |
_aNotas sobre el urbanismo en América española / _cCarmelo Viñas y Mey. |
| 260 |
_aMadrid : _b[s.n., _c1960] |
||
| 300 |
_aP. 101-128 ; _c25 cm. |
||
| 595 | _aTirada aparte de: Anales de la Real Academia de Ciencias Morales y Políticas" | ||
| 650 | 4 |
_aUrbanismo- _zAmérica española. _917693 |
|
| 650 |
_aCiudades coloniales- _zAmérica española. _9162326 |
||
| 852 | 4 |
_aES-MaACL _j2020-F-29 |
|
| 999 |
_c141870 _d141870 |
||